[Event "FB1 2122 SF Deizisau - Hamburger SK"]
[Site "Hamburg"]
[Date "2022.03.20"]
[Round "6.3"]
[White "Papp, Sarah"]
[Black "Rapport, Jovana"]
[Result "1-0"]
[WhiteElo "2300"]
[BlackElo "2299"]
[PlyCount "111"]
[EventDate "2021.11.27"]
[EventType "team-tourn"]
[EventRounds "11"]
[EventCountry "GER"]

1. e4 d6 2. d4 Nf6 3. Nc3 e5 4. Nf3 Nbd7 5. Bc4 Be7 6. a4 O-O 7. O-O h6 8. h3
c6 9. Qe2 Re8 10. Rd1 Qc7 11. d5 Nb6 12. a5 Nxc4 13. Qxc4 Bd7 14. Be3 Rec8 15.
Qb4 Bf8 16. Ra3 c5 17. Qc4 Qd8 18. Nd2 Ne8 19. Qe2 Be7 20. Rf1 Rcb8 21. f4 b5
22. axb6 axb6 23. Rxa8 Rxa8 24. fxe5 dxe5 25. Qh5 Bf6 26. Nc4 Qb8 27. d6 Be6
28. Nd5 Bxd5 29. exd5 Nxd6 30. Rxf6 gxf6 31. Bxh6 Ne4 32. Qg4+ Ng5 33. Bxg5
fxg5 34. Qxg5+ Kf8 35. d6 Qd8 36. Qh6+ Kg8 37. Nxe5 Qf8 38. Qf4 Ra1+ 39. Kf2 f6
40. Nd7 Qd8 41. Nxf6+ Kf7 42. d7 Ke6 43. Qg4+ Kd6 44. Ne8+ Kc6 45. Qe6+ Kb7 46.
Nd6+ Kc7 47. Ne8+ Kb7 48. Nf6 Ka7 49. Ke2 Kb7 50. g4 Ka7 51. Nd5 Kb7 52. g5 Ra6
53. Qe8 Ra8 54. Qxd8 Rxd8 55. Nf6 Kc7 56. g6 1-0

[Event "FB1 2122 SF Deizisau - Hamburger SK"]
[Site "Hamburg"]
[Date "2022.03.20"]
[Round "6.4"]
[White "Koepke, Elena"]
[Black "Fuchs, Judith"]
[Result "1/2-1/2"]
[WhiteElo "2302"]
[BlackElo "2233"]
[PlyCount "116"]
[EventDate "2021.11.27"]
[EventType "team-tourn"]
[EventRounds "11"]
[EventCountry "GER"]

1. e4 c6 2. d4 d5 3. exd5 cxd5 4. c4 Nf6 5. Nc3 Nc6 6. Bg5 dxc4 7. Bxc4 h6 8.
Be3 e6 9. Nf3 Bd6 10. O-O O-O 11. Rc1 b6 12. Qe2 Ne7 13. Ne5 Bb7 14. Bd3 Ned5
15. Bb1 a6 16. Bd2 Qe7 17. Rfe1 Rfd8 18. Nxd5 Bxd5 19. Nc6 Bxc6 20. Rxc6 Qd7
21. Rcc1 Qa4 22. Be3 Nd5 23. Qd3 Nf6 24. a3 Qa5 25. Qe2 Nd5 26. Bd2 Qa4 27. Qd3
Nf6 28. Bc3 Qb3 29. Qf3 Qd5 30. Qh3 Rac8 31. Rcd1 Rc7 32. Qd3 Qc4 33. Qxc4 Rxc4
34. Bd3 Rc7 35. Bxa6 Bxa3 36. Ra1 Be7 37. Bf1 Nd5 38. Ra6 Nxc3 39. bxc3 Rxc3
40. Rxb6 Rxd4 41. Rb8+ Bd8 42. g3 g6 43. Kg2 Kg7 44. Rb7 Bc7 45. Ra1 Rd2 46.
Raa7 Rdc2 47. Bb5 h5 48. Ba4 Rc1 49. Rb3 Rxb3 50. Bxb3 Rc3 51. Rb7 g5 52. h3
Kg6 53. Ba4 Kf6 54. Bd1 Kg6 55. Ba4 Rc5 56. Rb2 Be5 57. Rb5 Rxb5 58. Bxb5 Bd4
1/2-1/2

[Event "FB1 2122 SF Deizisau - Hamburger SK"]
[Site "Hamburg"]
[Date "2022.03.20"]
[Round "6.5"]
[White "Scognamiglio, Stefanie"]
[Black "Jelica, Mara"]
[Result "0-1"]
[WhiteElo "2065"]
[BlackElo "2085"]
[PlyCount "106"]
[EventDate "2021.11.27"]
[EventType "team-tourn"]
[EventRounds "11"]
[EventCountry "GER"]

1. c4 e6 2. Nc3 Nf6 3. e4 b6 4. g3 Bb7 5. Bg2 c5 6. Nge2 Be7 7. O-O Nc6 8. d3
d6 9. a3 Qd7 10. Rb1 O-O 11. d4 cxd4 12. Nxd4 Rac8 13. b3 a6 14. Bb2 Qc7 15.
Re1 Rfd8 16. Nc2 Bf8 17. Ne3 Qb8 18. f4 Qa8 19. Qd3 Nd7 20. b4 a5 21. b5 Nc5
22. Qd1 Nb8 23. f5 Nxe4 24. Nxe4 Bxe4 25. Qg4 Bxg2 26. Bxg7 Qe4 27. Qg5 Bxg7
28. Ng4 Qd4+ 29. Kxg2 f6 30. Qh4 Qd2+ 31. Kh3 Qg5 32. Qxg5 fxg5 33. Rxe6 Rxc4
34. Ne3 Rc5 35. Kg4 Re5 36. Kxg5 Nd7 37. Ng4 Rxe6 38. fxe6 Nc5 39. Re1 Nd3 40.
e7 Re8 41. Re6 Nc5 42. Re2 Kf7 43. Nh6+ Bxh6+ 44. Kxh6 Rxe7 45. Rf2+ Ke6 46. g4
d5 47. g5 Ne4 48. Rc2 Ke5 49. h4 d4 50. h5 d3 51. Rg2 d2 52. Rg1 Nf2 53. g6
hxg6 0-1

[Event "FB1 2122 SF Deizisau - Hamburger SK"]
[Site "Hamburg"]
[Date "2022.03.20"]
[Round "6.6"]
[White "Valkova, Anzhelika"]
[Black "Wulf, Constanze"]
[Result "1-0"]
[WhiteElo "2048"]
[BlackElo "1844"]
[PlyCount "139"]
[EventDate "2021.11.27"]
[EventType "team-tourn"]
[EventRounds "11"]
[EventCountry "GER"]

1. d4 d5 2. c4 e6 3. Nc3 c6 4. e4 dxe4 5. Nxe4 Bb4+ 6. Bd2 Qxd4 7. Bxb4 Qxe4+
8. Ne2 Na6 9. Bf8 Ne7 10. Bxg7 Rg8 11. Bc3 Bd7 12. Qd6 Nf5 13. Qd2 e5 14. f3
Qh4+ 15. g3 Qe7 16. b4 O-O-O 17. Qb2 Nd4 18. O-O-O Be6 19. b5 cxb5 20. cxb5 Nc5
21. Nxd4 exd4 22. Bxd4 Qg5+ 23. f4 Qf5 24. Be2 Kb8 25. Be5+ Ka8 26. b6 Nd3+ 27.
Bxd3 Rxd3 28. Rxd3 Qxd3 29. Rd1 Qe3+ 30. Kb1 Qxb6 31. Qxb6 axb6 32. Rc1 Rc8 33.
Bc7 b5 34. Rc3 b6 35. Kb2 Kb7 36. Be5 Rxc3 37. Bxc3 Kc6 38. Bd4 Kc7 39. a3 Kc6
40. Kc3 Bf5 41. Be3 h5 42. Kd4 Bg4 43. Ke5 f5 44. Ke6 Bh3 45. Kf6 Kc7 46. Kg5
Bg4 47. Kh4 Kd6 48. h3 Be2 49. Kg5 Ke6 50. Bxb6 Bd1 51. Kg6 Be2 52. Bc5 Bd1 53.
Bb4 Be2 54. Bc3 Bd1 55. Be1 Be2 56. g4 fxg4 57. f5+ Ke5 58. Bg3+ Ke4 59. f6 Bc4
60. h4 Kf3 61. Bd6 g3 62. Kxh5 g2 63. Bc5 Kf4 64. Kg6 Bd3+ 65. Kg7 Bc4 66. h5
Kg5 67. h6 Bd5 68. Be3+ Kh5 69. h7 Be4 70. h8=Q+ 1-0

[Event "FB1 2122 Baden-Baden - Harksheide"]
[Site "Hamburg"]
[Date "2022.03.20"]
[Round "6.1"]
[White "Antolak, Julia"]
[Black "Muzychuk, Mariya"]
[Result "1/2-1/2"]
[WhiteElo "2368"]
[BlackElo "2544"]
[PlyCount "93"]
[EventDate "2021.11.27"]
[EventType "team-tourn"]
[EventRounds "11"]
[EventCountry "GER"]

1. e4 c5 2. Nf3 e6 3. d4 cxd4 4. Nxd4 Nf6 5. Nc3 Nc6 6. Ndb5 d6 7. Bf4 e5 8.
Bg5 a6 9. Na3 b5 10. Nd5 Be7 11. Bxf6 Bxf6 12. g3 O-O 13. Bg2 Be6 14. O-O Bg5
15. c4 Nd4 16. cxb5 axb5 17. Nc2 Bxd5 18. exd5 Qb6 19. Nxd4 Qxd4 20. Qxd4 exd4
21. Rfd1 Bf6 22. Rd3 Rfc8 23. Bf1 Rc2 24. Rb3 d3 25. Bxd3 Rxb2 26. Rxb2 Bxb2
27. Rb1 Rxa2 28. Bxb5 Bd4 29. Bc4 Ra8 30. Rd1 Bc5 31. Rd2 g5 32. Kg2 Kg7 33. h3
h5 34. Be2 Kh6 35. Rb2 Re8 36. Bf3 Kg6 37. Re2 Ra8 38. Be4+ Kf6 39. Bf3 Rh8 40.
Re1 h4 41. Re4 hxg3 42. fxg3 Rb8 43. h4 gxh4 44. Rf4+ Ke5 45. Re4+ Kf6 46. Rf4+
Ke5 47. Re4+ 1/2-1/2

[Event "FB1 2122 Baden-Baden - Harksheide"]
[Site "Hamburg"]
[Date "2022.03.20"]
[Round "6.2"]
[White "Muzychuk, Anna"]
[Black "Radikovic, Anamarija"]
[Result "1-0"]
[WhiteElo "2531"]
[BlackElo "2121"]
[PlyCount "41"]
[EventDate "2021.11.27"]
[EventType "team-tourn"]
[EventRounds "11"]
[EventCountry "GER"]

1. e4 c5 2. Nc3 d6 3. Nge2 Nf6 4. g3 g6 5. Bg2 Bg7 6. d3 O-O 7. h3 Nc6 8. Be3
Rb8 9. f4 Bd7 10. a4 a6 11. Qd2 b5 12. axb5 axb5 13. O-O Qb6 14. g4 Nd4 15. e5
b4 16. Na4 Bxa4 17. exf6 Bxf6 18. Bxd4 cxd4 19. Rxa4 b3 20. Rc4 Rfc8 21. cxb3
1-0

[Event "FB1 2122 Baden-Baden - Harksheide"]
[Site "Hamburg"]
[Date "2022.03.20"]
[Round "6.3"]
[White "Gosciniak, Maria"]
[Black "Abdumalik, Zhansaya"]
[Result "0-1"]
[WhiteElo "2100"]
[BlackElo "2493"]
[PlyCount "48"]
[EventDate "2021.11.27"]
[EventType "team-tourn"]
[EventRounds "11"]
[EventCountry "GER"]

1. e4 e5 2. Nf3 Nc6 3. d4 exd4 4. Nxd4 Nf6 5. Nc3 Bb4 6. Nxc6 bxc6 7. Bd3 d5 8.
exd5 cxd5 9. O-O O-O 10. Bg5 c6 11. Qf3 Bd6 12. h3 Rb8 13. Na4 h6 14. Be3 Rb4
15. b3 Rh4 16. Bf5 Ne4 17. Bxc8 Qxc8 18. c4 d4 19. Bxd4 Ng5 20. Qc3 Nxh3+ 21.
gxh3 Rxh3 22. f3 Rh1+ 23. Kf2 Rh2+ 24. Ke1 Bb4 0-1

[Event "FB1 2122 Baden-Baden - Harksheide"]
[Site "Hamburg"]
[Date "2022.03.20"]
[Round "6.4"]
[White "Paehtz, Elisabeth"]
[Black "Adamowicz, Katarzynam"]
[Result "1/2-1/2"]
[WhiteElo "2507"]
[BlackElo "2084"]
[PlyCount "112"]
[EventDate "2021.11.27"]
[EventType "team-tourn"]
[EventRounds "11"]
[EventCountry "GER"]

1. d4 d5 2. Nf3 Nf6 3. c4 c6 4. Qb3 Qb6 5. Nc3 e6 6. g3 Bb4 7. Bg2 Nbd7 8. O-O
Bxc3 9. Qxc3 Ne4 10. Qc2 O-O 11. b3 a5 12. a4 f5 13. Ba3 Re8 14. Rad1 Qc7 15.
Ne1 b6 16. Nd3 Ba6 17. Rc1 Rac8 18. Nf4 Qa7 19. f3 Nef6 20. cxd5 Nxd5 21. Nxd5
cxd5 22. Qd2 b5 23. axb5 Bxb5 24. Kh1 a4 25. bxa4 Qxa4 26. Qe3 Rxc1 27. Rxc1
Bxe2 28. Bd6 Qa6 29. Bf4 Qd3 30. Qf2 e5 31. dxe5 Nxe5 32. Bxe5 Rxe5 33. Qa7 Qb5
34. Qd4 Re8 35. f4 Bc4 36. Ra1 h6 37. h4 Re7 38. Kh2 Kh7 39. Rd1 Re2 40. Kh3
Qb2 41. Qg1 Rd2 42. Rxd2 Qxd2 43. Qc5 Qd1 44. Kh2 Qd3 45. Bh3 Qe2+ 46. Kg1 Qe1+
47. Kh2 Qe4 48. Bg2 Qe2 49. Kg1 Qd3 50. Kh2 Bb3 51. Qd6 d4 52. Qe5 Bc2 53. h5
Qe3 54. Qd6 Qe2 55. Qg6+ Kh8 56. Qf7 Be4 1/2-1/2

[Event "FB1 2122 Baden-Baden - Harksheide"]
[Site "Hamburg"]
[Date "2022.03.20"]
[Round "6.5"]
[White "Brandt, Carina"]
[Black "Salimova, Nurgyul"]
[Result "0-1"]
[WhiteElo "2078"]
[BlackElo "2399"]
[PlyCount "54"]
[EventDate "2021.11.27"]
[EventType "team-tourn"]
[EventRounds "11"]
[EventCountry "GER"]

1. e4 c6 2. d4 d5 3. Nd2 dxe4 4. Nxe4 Nf6 5. Nxf6+ exf6 6. c3 Bd6 7. Bd3 O-O 8.
Qc2 Re8+ 9. Ne2 h5 10. Be3 Nd7 11. O-O-O b5 12. d5 c5 13. Bxb5 Rb8 14. c4 a6
15. Ba4 Re5 16. Nc3 Nb6 17. Bb3 Bf5 18. Qd2 a5 19. Bf4 a4 20. Bxe5 axb3 21.
Bxd6 bxa2 22. Nxa2 Qxd6 23. Qc3 Qf4+ 24. Qe3 Qxc4+ 25. Nc3 Na4 26. Rd2 Nxc3 27.
Qxc3 Qxc3+ 0-1

[Event "FB1 2122 Baden-Baden - Harksheide"]
[Site "Hamburg"]
[Date "2022.03.20"]
[Round "6.6"]
[White "Doll, Rebecca"]
[Black "Koehler, Inken"]
[Result "0-1"]
[WhiteElo "1937"]
[BlackElo "1988"]
[PlyCount "162"]
[EventDate "2021.11.27"]
[EventType "team-tourn"]
[EventRounds "11"]
[EventCountry "GER"]

1. e4 d6 2. d4 Nf6 3. Nc3 Nbd7 4. g4 h6 5. h3 e5 6. Nf3 Be7 7. Bg2 c6 8. Be3
Qc7 9. Ng1 Nf8 10. Nge2 Ne6 11. f4 exf4 12. Nxf4 d5 13. e5 Nh7 14. Qd3 Nhf8 15.
O-O-O Nxf4 16. Bxf4 Ng6 17. Bg3 Be6 18. Rdf1 O-O-O 19. Kb1 Nh4 20. Bxh4 Bxh4
21. Rd1 h5 22. Qf3 hxg4 23. hxg4 Qd7 24. Bh3 Bg5 25. Rdg1 Rh4 26. Nd1 Rdh8 27.
Nf2 R4h6 28. Bf1 Rxh1 29. Rxh1 Rxh1 30. Qxh1 Be3 31. Nd3 Bxd4 32. Qh8+ Kc7 33.
c3 Be3 34. Qxg7 Bxg4 35. e6 Qxe6 36. Ne5 Bh5 37. Qg3 Qf5+ 38. Bd3 Qf4 39. Qg7
Qf2 40. a3 Qg1+ 41. Qxg1 Bxg1 42. Bf1 Kd6 43. Nd3 Bg4 44. Kc2 Be3 45. Bg2 Bf5
46. Bf1 Be4 47. Kd1 f5 48. Ke2 Bg5 49. Bh3 c5 50. b4 b6 51. a4 d4 52. bxc5+
bxc5 53. c4 f4 54. Bg4 Bc6 55. a5 f3+ 56. Kf2 Be4 57. Nb2 Be3+ 58. Kg3 Ke5 59.
Bxf3 Bxf3 60. Nd3+ Kd6 61. Kxf3 a6 62. Ke2 Bg5 63. Nf2 Bd8 64. Ne4+ Kc6 65. Kd3
Bxa5 66. Kc2 Bb4 67. Nf2 Kd6 68. Nd3 Ke6 69. Kb3 a5 70. Kc2 Kf5 71. Kb3 Ke4 72.
Kc2 Ke3 73. Ne5 a4 74. Ng4+ Ke2 75. Ne5 a3 76. Nd3 Ke3 77. Nc1 a2 78. Nxa2 d3+
79. Kd1 Bd2 80. Nc1 Bxc1 81. Kxc1 Ke2 0-1

[Event "FB1 2122 SV Hemer 1932 - SG 1871 Löber"]
[Site "?"]
[Date "2022.03.20"]
[Round "6.1"]
[White "Reizniece-Ozola, Dana"]
[Black "Cosma, Elena-Luminita"]
[Result "0-1"]
[WhiteElo "2283"]
[BlackElo "2281"]
[PlyCount "98"]
[EventDate "2022.??.??"]

1. c4 e6 2. Nf3 d5 3. e3 Nf6 4. b3 c5 5. Bb2 Nc6 6. a3 Be7 7. cxd5 exd5 8. d4
O-O 9. dxc5 Bxc5 10. Qc2 Bd6 11. Nc3 Bg4 12. Ng5 d4 13. Nb5 Qa5+ 14. Qd2 Qxd2+
15. Kxd2 dxe3+ 16. fxe3 Be5 17. Bxe5 Nxe5 18. Be2 Rad8+ 19. Nd4 Nc6 20. Ngf3
Bxf3 21. Bxf3 Nxd4 22. exd4 Rxd4+ 23. Kc3 Rd7 24. Rad1 Rc8+ 25. Kb4 Rcc7 26.
Rxd7 Nxd7 27. Rd1 Kf8 28. a4 Ne5 29. Rd8+ Ke7 30. Ra8 Nd3+ 31. Ka3 b6 32. Be4
Ne5 33. Kb4 g6 34. Kb5 f5 35. Bf3 Nxf3 36. gxf3 f4 37. Ka6 g5 38. h3 Kf6 39. b4
h5 40. Rf8+ Kg7 41. Rf5 Kg6 42. Rf8 Rc4 43. Kb5 Rc3 44. Rg8+ Kf6 45. Ra8 Rxf3
46. Rxa7 g4 47. hxg4 hxg4 48. Rb7 g3 49. Rxb6+ Kf5 0-1

[Event "FB1 2122 SV Hemer 1932 - SG 1871 Löber"]
[Site "?"]
[Date "2022.03.20"]
[Round "6.6"]
[White "Dartmann Aubanell, Catriona"]
[Black "Schuster, Rebekka"]
[Result "1-0"]
[WhiteElo "1834"]
[BlackElo "1840"]
[PlyCount "81"]
[EventDate "2022.??.??"]

1. e4 e6 2. d4 d5 3. Bd3 Nf6 4. e5 Nfd7 5. f4 c5 6. c3 Nc6 7. Nf3 Be7 8. a3 f6
9. O-O O-O 10. Qc2 f5 11. Qf2 c4 12. Bc2 b5 13. Kh1 Kh8 14. Ng5 Nb6 15. Qh4 h6
16. Qh3 Kg8 17. Nf3 Kh7 18. g4 g6 19. Rg1 Rg8 20. Nbd2 Bd7 21. Nf1 Na4 22. Ng3
Be8 23. Ng5+ Bxg5 24. fxg5 h5 25. gxh5 gxh5 26. Nxh5 Bxh5 27. Qxh5+ Kg7 28.
Qh6+ Kf7 29. g6+ Ke8 30. g7 Qe7 31. Bxf5 Kd7 32. Bh7 Qf7 33. Bf4 Rgc8 34. g8=Q
Rxg8 35. Rxg8 Rxg8 36. Bxg8 Qxg8 37. Rg1 Qe8 38. Rg7+ Kc8 39. Qh7 Nd8 40. Rxa7
Qc6 41. Bg5 1-0

[Event "FB1 2122 SK Lehrte - SV Weißblau Allia"]
[Site "?"]
[Date "2022.03.20"]
[Round "6.1"]
[White "Cyfka, Karina"]
[Black "Sieber, Fiona"]
[Result "1-0"]
[WhiteElo "2401"]
[BlackElo "2270"]
[PlyCount "123"]
[EventDate "2022.??.??"]

1. e4 c5 2. Nf3 e6 3. d3 Nc6 4. g3 d5 5. Nbd2 Nf6 6. Bg2 Be7 7. O-O O-O 8. e5
Nd7 9. Re1 b5 10. Nf1 b4 11. h4 a5 12. Bf4 a4 13. N1h2 a3 14. b3 f6 15. exf6
Bxf6 16. Rxe6 Bxa1 17. Qxa1 Ra6 18. Bd6 Rf6 19. Qe1 Nf8 20. Rxf6 Qxf6 21. Bxc5
Ne6 22. Bxb4 Nxb4 23. Qxb4 Qa1+ 24. Nf1 Qxa2 25. Qe7 Qxc2 26. Qe8+ Nf8 27. Ng5
Rf6 28. Bxd5+ Kh8 29. Nf7+ Kg8 30. Ng5+ Kh8 31. Ne4 Bd7 32. Qa8 Rf3 33. Kg2 Qc8
34. Qxa3 Rxd3 35. Nd6 Qb8 36. Nf7+ Kg8 37. Nh6+ Kh8 38. Nf7+ Kg8 39. Bc4 Rc3
40. Ng5+ Kh8 41. Qe7 Qa8+ 42. Kg1 h6 43. Ne4 Bh3 44. Qf7 Rxc4 45. Qxc4 Nd7 46.
Nfd2 Qa1+ 47. Kh2 Bg4 48. Qc3 Qe1 49. Qe3 Qd1 50. Nc3 Qc1 51. Nc4 Qf1 52. Nd2
Qh3+ 53. Kg1 Nf6 54. Nce4 Nd5 55. Qc5 Be6 56. Qf8+ Kh7 57. Qf3 Nb4 58. Qh5 Kg8
59. Qg6 Kh8 60. Qe8+ Kh7 61. Ng5+ hxg5 62. Ne4 1-0

[Event "FB1 2122 SK Lehrte - SV Weißblau Allia"]
[Site "?"]
[Date "2022.03.20"]
[Round "6.6"]
[White "Lossin, Charlotte"]
[Black "Just, Anita"]
[Result "0-1"]
[WhiteElo "1527"]
[BlackElo "1895"]
[PlyCount "114"]
[EventDate "2022.??.??"]

1. d4 e6 2. Nf3 f5 3. e3 Nf6 4. Bd3 b6 5. O-O Bb7 6. Nbd2 Be7 7. Re1 Ne4 8. Ne5
O-O 9. Bxe4 fxe4 10. Qg4 Qe8 11. Nxe4 h5 12. Qg6 Qxg6 13. Nxg6 Bxe4 14. Nxf8
Kxf8 15. Bd2 Nc6 16. c3 a5 17. f3 Bd3 18. e4 d6 19. b3 Ba6 20. Be3 Bf6 21. Rad1
g6 22. f4 Bg7 23. e5 d5 24. Kf2 Kf7 25. Bc1 Bf8 26. Ke3 a4 27. h3 axb3 28. axb3
Na5 29. b4 Nc4+ 30. Kf2 Bb5 31. Be3 Ra2+ 32. Kf3 Ba4 33. Ra1 Rxa1 34. Rxa1 b5
35. Ra2 Be7 36. g4 Bd1+ 37. Kf2 Bh4+ 38. Kg1 Nxe3 39. Ra7 Bd8 40. Kf2 Nc4 41.
gxh5 gxh5 42. Ra8 Bh4+ 43. Kg1 Ke7 44. Rb8 Be1 45. Rxb5 Bxc3 46. Rb7 Bxd4+ 47.
Kh2 Bb6 48. Rb8 Ne3 49. Rg8 Nf5 50. Rc8 d4 51. Kg2 d3 52. Rh8 d2 53. Rh7+ Kd8
54. Rh8+ Kd7 55. Rh7+ Kc6 56. b5+ Kxb5 57. Rd7 Bd4 0-1

[Event "FB1 2122 Rodewischer Schachmiezen - SC"]
[Site "?"]
[Date "2022.03.20"]
[Round "6.1"]
[White "Osmak, Yuliia"]
[Black "Sliwicka, Alicja"]
[Result "1-0"]
[WhiteElo "2432"]
[BlackElo "2274"]
[PlyCount "123"]
[EventDate "2022.??.??"]

1. d4 d5 2. c4 e6 3. Nc3 Nf6 4. cxd5 exd5 5. Bg5 c6 6. e3 h6 7. Bh4 Be7 8. Bd3
O-O 9. Qc2 Re8 10. Bg3 Nbd7 11. Nf3 Bb4 12. O-O Bxc3 13. bxc3 Ne4 14. c4 Nxg3
15. hxg3 Nf6 16. cxd5 Qxd5 17. Ne5 Qa5 18. Rab1 Qc7 19. Qb3 Rb8 20. Rfc1 Be6
21. Qa3 Ra8 22. Bc4 Ne4 23. Qb4 Bxc4 24. Nxc4 Rab8 25. Qa5 b6 26. Qf5 g6 27.
Qf4 Qxf4 28. gxf4 c5 29. f3 Nf6 30. dxc5 bxc5 31. g3 Nd7 32. e4 Kf8 33. Kf2 Ke7
34. Ke3 Rec8 35. g4 a6 36. e5 f6 37. Ke4 g5 38. Nd6 Rh8 39. Nf5+ Kf7 40. Rxb8
Rxb8 41. Rd1 Rb4+ 42. Kd5 Nf8 43. Nxh6+ Kg7 44. Nf5+ Kf7 45. Nd6+ Ke7 46. exf6+
Kxf6 47. Ne4+ Kg7 48. fxg5 Ng6 49. Nxc5 Nh4 50. Rd3 Kg6 51. Ne4 Ng2 52. Ke5 Ra4
53. Rd6+ Kg7 54. Nc3 Rc4 55. Nd5 Ne1 56. f4 Nf3+ 57. Ke6 Re4+ 58. Kf5 Re2 59.
Rd7+ Kf8 60. g6 Nd4+ 61. Kg5 Ne6+ 62. Kf6 1-0

[Event "FB1 2122 Rodewischer Schachmiezen - SC"]
[Site "?"]
[Date "2022.03.20"]
[Round "6.2"]
[White "Lubbe, Melanie"]
[Black "Schneider, Jana"]
[Result "1-0"]
[WhiteElo "2301"]
[BlackElo "2266"]
[PlyCount "163"]
[EventDate "2022.??.??"]

1. e4 e5 2. Nf3 Nc6 3. Bc4 Bc5 4. c3 Nf6 5. d3 d6 6. O-O a6 7. Bb3 Ba7 8. Re1
Ng4 9. Re2 Be6 10. Bc2 Ne7 11. Nbd2 Ng6 12. Nf1 Nh4 13. d4 Nxf3+ 14. gxf3 Qf6
15. fxg4 Bxg4 16. Qd3 exd4 17. cxd4 Bxd4 18. Rd2 c5 19. Qg3 h5 20. Rxd4 Qxd4
21. Ne3 Be6 22. Nd5 O-O-O 23. Qc3 Bxd5 24. Qxd4 cxd4 25. exd5 h4 26. Bf5+ Kb8
27. Bg4 Rhe8 28. Bg5 f6 29. Bd2 Re5 30. Be6 Re2 31. Rd1 Kc7 32. Kf1 d3 33. Bc3
Re8 34. Rxd3 Re4 35. a3 b6 36. Bd2 Kb7 37. Bb4 Rd8 38. Rb3 Kc7 39. Bd2 Rc4 40.
Ke2 Rh8 41. Re3 Rh5 42. Kd3 b5 43. b3 Rc5 44. Ba5+ Kb7 45. Bb4 Rcxd5+ 46. Bxd5+
Rxd5+ 47. Ke4 Re5+ 48. Kd4 Rf5 49. f3 Kc6 50. Rc3+ Kd7 51. Ke3 Re5+ 52. Kf2 Rd5
53. Rc2 Rd3 54. Rd2 Rxb3 55. Rxd6+ Kc7 56. Rxa6 Rb2+ 57. Kg1 h3 58. Ra7+ Kc6
59. Rxg7 Rb1+ 60. Kf2 Rb2+ 61. Kf1 Rb1+ 62. Ke2 Rh1 63. Kf2 Rxh2+ 64. Kg1 Re2
65. Rg6 Kd5 66. Rxf6 Rg2+ 67. Kh1 Rf2 68. Rf5+ Ke6 69. Rf8 Kd5 70. Be7 Ke6 71.
Bc5 Rc2 72. Bg1 Ra2 73. Bc5 Kd5 74. Rf5+ Kc4 75. Rh5 h2 76. f4 Kd3 77. Rxh2
Ra1+ 78. Kg2 Ke4 79. Kg3 Rc1 80. Rh5 Rc3+ 81. Kg4 Rc2 82. Re5+ 1-0

[Event "FB1 2122 Rodewischer Schachmiezen - SC"]
[Site "?"]
[Date "2022.03.20"]
[Round "6.3"]
[White "Melamed, Tatjana"]
[Black "Movsesian, Julia"]
[Result "1/2-1/2"]
[WhiteElo "2334"]
[BlackElo "2309"]
[PlyCount "53"]
[EventDate "2022.??.??"]

1. e4 e5 2. Nf3 Nc6 3. Bb5 a6 4. Ba4 Nf6 5. O-O Be7 6. d3 b5 7. Bb3 d6 8. a3
Na5 9. Ba2 c5 10. Nc3 Be6 11. Bg5 O-O 12. Bxf6 Bxf6 13. Nd5 g6 14. Qd2 Nc6 15.
Nxf6+ Qxf6 16. Bxe6 Qxe6 17. c3 d5 18. a4 b4 19. Ng5 Qd7 20. exd5 Qxd5 21. Rac1
Rad8 22. Qe3 h6 23. Ne4 Qxd3 24. Qxd3 Rxd3 25. Nxc5 Rd2 26. cxb4 Nxb4 27. Rfe1
1/2-1/2

[Event "FB1 2122 Rodewischer Schachmiezen - SC"]
[Site "?"]
[Date "2022.03.20"]
[Round "6.4"]
[White "Miturova, Magdalena"]
[Black "Belenkaya, Dina"]
[Result "1-0"]
[WhiteElo "2205"]
[BlackElo "2264"]
[PlyCount "97"]
[EventDate "2022.??.??"]

1. e4 c6 2. d4 d5 3. Nc3 dxe4 4. Nxe4 Bf5 5. Ng3 Bg6 6. h4 h6 7. Nf3 Nd7 8. h5
Bh7 9. Bd3 Bxd3 10. Qxd3 Ngf6 11. Bd2 e6 12. O-O-O Be7 13. Ne4 Nxe4 14. Qxe4
Nf6 15. Qe2 Qd5 16. Kb1 Qe4 17. Qxe4 Nxe4 18. Be3 Nf6 19. Ne5 Bd6 20. f3 Rc8
21. g4 b5 22. c4 a5 23. Rc1 O-O 24. g5 hxg5 25. Bxg5 Nh7 26. Bd2 a4 27. Rcg1
Bxe5 28. dxe5 Kh8 29. Rg4 Rfd8 30. Kc2 Rd7 31. Rhg1 Rcd8 32. Ba5 Rg8 33. Bb4
Rdd8 34. Kc3 Rd7 35. Bd6 f6 36. f4 Rgd8 37. Kb4 Rb7 38. R1g2 Rc8 39. Kc5 bxc4
40. Kxc4 c5 41. a3 Rd7 42. Rg6 Rb7 43. h6 gxh6 44. exf6 Rf7 45. Rxh6 Rd8 46.
Be5 Rd5 47. Rg7 Rxg7 48. fxg7+ Kg8 49. Rxe6 1-0

[Event "FB1 2122 Rodewischer Schachmiezen - SC"]
[Site "?"]
[Date "2022.03.20"]
[Round "6.5"]
[White "Dordzhieva, Dinara"]
[Black "Kanakova, Natalie"]
[Result "0-1"]
[WhiteElo "2325"]
[BlackElo "2134"]
[PlyCount "82"]
[EventDate "2022.??.??"]

1. d4 f5 2. Nf3 Nf6 3. c4 d6 4. Nc3 g6 5. b4 Bg7 6. Bb2 O-O 7. e3 c6 8. Qb3 Kh8
9. c5 d5 10. b5 Ne4 11. Be2 Nd7 12. O-O Qc7 13. Rfd1 Ndf6 14. Ne5 Ng4 15. Bxg4
Nxc3 16. Bxc3 fxg4 17. bxc6 bxc6 18. Qa4 Bd7 19. Rab1 Bf5 20. Rb2 Rfb8 21. Rbd2
Rb5 22. Qa6 Rc8 23. a4 Rb3 24. Ba5 Qb7 25. Qe2 Bxe5 26. dxe5 e6 27. e4 Bxe4 28.
Qxg4 Bf5 29. Qg5 Rf8 30. Bd8 Rb1 31. Bf6+ Kg8 32. h3 Rxd1+ 33. Rxd1 Qb4 34. Qe3
Qxa4 35. Rd4 Qa1+ 36. Kh2 Qb2 37. Ra4 Qb8 38. Qc3 Rxf6 39. Rb4 Qc7 40. Qb2 Rf7
41. f3 Bd3 0-1

[Event "FB1 2122 Rodewischer Schachmiezen - SC"]
[Site "?"]
[Date "2022.03.20"]
[Round "6.6"]
[White "Kubikova, Hana"]
[Black "Schoene, Maria"]
[Result "1/2-1/2"]
[WhiteElo "2067"]
[BlackElo "2210"]
[PlyCount "112"]
[EventDate "2022.??.??"]

1. d4 Nf6 2. Nf3 g6 3. g3 Bg7 4. Bg2 O-O 5. O-O d6 6. c4 Nc6 7. Nc3 a6 8. h3
Bd7 9. e4 e5 10. d5 Na5 11. b3 Qe7 12. Bd2 b5 13. Qc2 Rfc8 14. Rac1 c5 15. dxc6
Bxc6 16. Qb1 bxc4 17. Nd5 Bxd5 18. exd5 Qd8 19. Bxa5 Qxa5 20. Rxc4 Rab8 21. Qc2
Rxc4 22. bxc4 Nd7 23. Rb1 Rb4 24. Rxb4 Qxb4 25. Nd2 f5 26. Bf1 a5 27. c5 Nxc5
28. Nc4 Bf8 29. Qb2 Kf7 30. a3 Qxb2 31. Nxb2 e4 32. Bb5 Ke7 33. Nc4 Nb3 34. Ba4
Nc5 35. Bb5 a4 36. Nb6 Kf6 37. Nxa4 Ke5 38. Nb6 Be7 39. Bc6 Bd8 40. Nc4+ Kd4
41. Nxd6 Nd3 42. Nb7 Bb6 43. d6 Nc5 44. d7 Nxb7 45. Bxb7 g5 46. Kf1 Kd3 47. a4
f4 48. Ba6+ Kd2 49. gxf4 gxf4 50. Bb5 Ba5 51. h4 h6 52. h5 Bb6 53. Bc6 e3 54.
fxe3 fxe3 55. Bb5 Ba5 56. Bc4 Bd8 1/2-1/2

[Event "FB1 2122 SV Hemer 1932 - SK Schwäbisch"]
[Site "?"]
[Date "2022.04.09"]
[Round "7.1"]
[White "Arabidze, Meri"]
[Black "Voicu-Jagodzinsky, Carmen"]
[Result "1-0"]
[WhiteElo "2430"]
[BlackElo "2286"]
[PlyCount "79"]
[EventDate "2022.??.??"]

1. Nf3 Nf6 2. c4 c5 3. g3 Nc6 4. Bg2 g6 5. Nc3 Bg7 6. O-O d6 7. e3 O-O 8. d4
Bf5 9. b3 Qc8 10. Bb2 Bh3 11. d5 Bxg2 12. Kxg2 Nb4 13. a3 Na6 14. Qc2 e5 15.
dxe6 fxe6 16. Kg1 Qc6 17. Ng5 Nc7 18. Rad1 Rad8 19. e4 h6 20. e5 dxe5 21. Nge4
Nh5 22. Nd2 Kh7 23. Nce4 Rd7 24. Rfe1 b6 25. Re2 Rfd8 26. Rde1 a5 27. Nf3 Rd4
28. Bxd4 exd4 29. Neg5+ hxg5 30. Nxg5+ Kg8 31. Qxg6 Qe8 32. Qh7+ Kf8 33. Rxe6
Nxe6 34. Nxe6+ Kf7 35. Nxd8+ Qxd8 36. Qxh5+ Kf8 37. Qf5+ Bf6 38. h4 d3 39. Rd1
d2 40. Qf4 1-0

[Event "FB1 2122 SV Hemer 1932 - SK Schwäbisch"]
[Site "?"]
[Date "2022.04.09"]
[Round "7.2"]
[White "Frey, Alisa"]
[Black "Atalik, Ekaterina"]
[Result "0-1"]
[WhiteElo "2018"]
[BlackElo "2412"]
[PlyCount "90"]
[EventDate "2022.??.??"]

1. e4 e5 2. Nf3 d6 3. d4 exd4 4. Nxd4 Nf6 5. Nc3 Be7 6. Be3 O-O 7. Be2 Re8 8.
O-O Bf8 9. Bf3 c5 10. Nde2 Nc6 11. g3 Bd7 12. Nf4 Ne5 13. Bg2 b5 14. Nfd5 Nfg4
15. h3 Nxe3 16. Nxe3 Rb8 17. Ncd5 g6 18. f4 Nc4 19. Nxc4 bxc4 20. Rb1 Bg7 21.
f5 Bc6 22. c3 Qg5 23. Qg4 Qxg4 24. hxg4 Bxd5 25. exd5 Be5 26. Kf2 Rb6 27. Rfc1
Reb8 28. Rc2 Ra6 29. Ra1 gxf5 30. gxf5 Kg7 31. g4 Kf6 32. Bf1 Kg5 33. Kf3 Rxb2
34. Rxb2 Bxc3 35. Rab1 Bxb2 36. Rxb2 Ra3+ 37. Ke4 c3 38. Rc2 Ra4+ 39. Kf3 Rxg4
40. Bd3 Rd4 41. Rxc3 Rxd5 42. Be4 Rd4 43. Rd3 Rxd3+ 44. Bxd3 d5 45. Bb5 h5 0-1